00696 2200253 4500001002100000005001500021035002000036007000300056008004100059020002200100082001000122084001600132100002000148245009000168260003600258300003200294650001400326700002100340700001500361504003100376520001300407990001100420990001100431INLIS00000000000294320190119112007 a0010-0119000295ta190119 g 0 ind  a978-602-8512-50-8 a155.2 a155.2 FIK m0 aFIKRI, Abdillah1 aMenyikap Rahasia Sidik Jari /cFikri Abdillah; penyunting, Budiman Mustofa, Endang R. aSurakarta :bZiyad Books,c2018 a136 hlm. :bilus. ;c20 cm. aIDENTITAS0 aBUDIMAN, Mustofa0 aENDANG, R. aBibliografi : hlm. 108-109 aLampiran a6367 a a6367 b